| 000 | 00784cab a2200253 4500 | ||
|---|---|---|---|
| 001 | ABS54086 | ||
| 008 | 090401t1995 xxu||||| |||| 00| 0 eng d | ||
| 035 | _a(Sirsi) u8401 | ||
| 041 | _aeng | ||
| 100 | _aMackmin, D. | ||
| 245 | 4 | _aThe negative leasehold | |
| 260 | _c1995 | ||
| 350 | _a0 | ||
| 490 |
_aJournal of Property Valuation and Investment _v13(4) 1995, 53-67(15) |
||
| 520 | _aExplores the challenge of negative leasehold in relation to leasehold valuation methodology and suggests approaches. References. | ||
| 650 | _aLEASEHOLDS | ||
| 650 | _aNEGATIVE LEASEHOLDS | ||
| 650 | _aOPEN MARKET RENTAL VALUE | ||
| 650 | _aRICS APPRAISAL AND VALUATION MANUAL | ||
| 650 | _aVALUATION METHODS | ||
| 690 | _aRATING AND VALUATION | ||
| 942 | _n0 | ||
| 948 | _c04/03/1997 | ||
| 999 |
_c5171 _d5171 |
||